000
00333nam a2200145Ia 4500
100
_a
Adam/E.E/ Ebert/R.J
250
_a
5
942
_c
BK
654
_a
production
245
_a
Production and Operation Management
260
_b
Pearson Education
_a
New Delhi
_c
2003
082
_a
658.4034
_b
ADA
300
_a
729
546
_a
ENGLISH
999
_c
22411
_d
22411